| 000 | 00754cam a2200217 i 4500 | ||
|---|---|---|---|
| 005 | 20251117093017.0 | ||
| 008 | 250721s2004 le gr 000 0 ara d | ||
| 082 | 1 | 4 |
_a210.413343 _bط ي ب |
| 100 | 1 |
_aالطيبي، عبد المنان _eمعد. |
|
| 245 | 1 | 2 |
_aالصارم البتار : _bووقاية الإنسان من سحر الإنسان والجن / _cاعداد عبد المنان الطيبي. |
| 250 | _aالطبعة الاولى. | ||
| 264 | 3 | 1 |
_aبيروت : _bدار اليوسف، _c2004. |
| 300 | _a314 صفحة. | ||
| 650 | 1 | 7 | _aالإسلام. |
| 650 | 1 | 7 | _aالقرآن الكريم. |
| 650 | 1 | 7 | _aالسحر. |
| 650 | 1 | 7 | _aالإنسان. |
| 650 | 1 | 7 | _aالجن. |
| 942 |
_2ddc _cBK |
||
| 999 |
_c78497 _d78497 |
||